1185 1476 1747 1296 1734 1905 1533 1677 1044 1721 1714 1079 1595 1015 1646 1912 1956 1793 1747 1150 1342 1129 1032 1680 1734 1688 1553 1239 1040 1913 1063 1518 1211 1722 1399 1439 1926 1617 1375 1034 1697 1556 1490 1399 1049 1216 1134 1132 1044 1303 1725 1184 1310 1608 1098 1794 1365 1046 1144 1385 1757 1307 1336 1237 1292 1824 1282 1668 1810 1278 1919 1704 1421 1139 1195 1760 1125 1843 1505 1842 1620 1816 1673 1496 1760 1390 1846 1963 1844 1833 1626 1991 1658 1213 1914 1961 1720 1436 1260 BCNSPRNW ULIB Ver.6.0+V

เปลี่ยนเป็นภาษาไทย

Change to English
 แสดงรายละเอียดบรรณานุกรม
  กลับหน้าหลัก

Brief Record : Get Marc (ISO 2709) : E-mail record : QR code < ปิดหน้าต่าง
LEADER : 00000nam 2200000uu 4500
001    13399122087
003     ULIB
008    121225s2554||||th 000 0 tha d
020    ^a9786167100173
060  4 ^aWS113^bส927
245 00 ^aเสริมสร้างพัฒนาการ IQ/EQ ลูกรัก (วัยแรกเกิด 1-12 เดือน) /^cคณะบรรณาธิการ ภสกาญ ชัยศาสตร์, จรรยาพร เจริญไทย, หทัยพัชร์ ทองแก้ว
246 05 ^aเสริมสร้างพัฒนาการ IQ/EQ ลูกรัก (วัยแรกเกิด 1-12 เดือน) เล่ม 1
260    ^aกรุงเทพฯ :^bณัฎฐ์ธนัน,^c2554
300    ^a208 หน้า :^bภาพประกอบ
500    ^aชื่อเรื่องจากปกนอก
650  7 ^aเด็ก^xการเลี้ยงดู
650  7 ^aเด็ก^xการดูแล
650  7 ^aเด็กก่อนวัยเรียน
650  7 ^a เด็ก, การเลี้ยงดู
700 0  ^aภสกาญ ชัยศาสตร์,^eบรรณาธิการ
700 0  ^aจรรยาพร เจริญไทย,^eบรรณาธิการ
700 0  ^aหทัยพัชร์ ทองแก้ว,^eบรรณาธิการ
856    ^zเสริมสร้างพัฒนาการIQ EQลูกรัก.pdf (Content)^uhttp://ulibm.bcnsprnw.ac.th/ULIB6//_fulltext/5/13399122087/20121225152004_3842.pdf
945    ^p169^l0^i033340
945    ^p169^l0^i033341
945    ^p169^l0^i033342
995    ^a เกษร
999    ^aใช้งานได้ทุกระบบ
รายการนี้ยังไม่มีแท็ก
คุณยังไม่ได้ล็อกอิน คุณสามารถมีกิจกรรมร่วมกับเว็บไซต์ได้ แต่ต้องล็อกอินก่อน ::
  ล็อกอิน

รายการสื่อสารสนเทศ

ลำดับที่ ประเภท เลขเรียก/บาร์โค้ด สถานที่ สถานะ
1. วิทยาศาสตร์การแพทย์ และสุขภาพ
หนังสือสำรอง
สถานะ=หนังสือสำรอง
WS113 ส927 ฉ.1 
  Barcode: 033340
ห้องสมุดวิทยาเขตสวรรค์ประชารักษ์
►หนังสือทั่วไป
บนชั้น
2. วิทยาศาสตร์การแพทย์ และสุขภาพ
วิทยาศาสตร์การแพทย์ และสุขภาพ
WS113 ส927 ฉ.2 
  Barcode: 033341
ห้องสมุดวิทยาเขตสวรรค์ประชารักษ์
►หนังสือทั่วไป
ถูกยืม กำหนดส่งวันที่ 14 ธันวาคม 2559
  จอง
3. วิทยาศาสตร์การแพทย์ และสุขภาพ
วิทยาศาสตร์การแพทย์ และสุขภาพ
WS113 ส927 ฉ.3 
  Barcode: 033342
ห้องสมุดวิทยาเขตสวรรค์ประชารักษ์
►ส่วนจัดเก็บหนังสือเก่า สปร
บนชั้น
  ขอยืม

รายการใกล้เคียง
    หัวเรื่อง [เด็ก การดูแล]
    หัวเรื่อง [เด็กก่อนวัยเรียน]
    หัวเรื่อง [เด็ก, การเลี้ยงดู]

BibComment


ยังไม่เคยถูกคอมเมนท์

คอมเมนท์ทรัพยากรรายการนี้
  คอมเมนท์: เสริมสร้างพัฒนาก..


 Copyright 2026. Bcnsprnw @Library